ملتقى الامام ابن عرفة : (Record no. 14537)
[ view plain ]
| 000 -الفاتح | |
|---|---|
| حقل البيانات ثابتة الطول | 01260nam a22001937a 4500 |
| 008 - عناصر البيانات ثابتة الطول - معلومات عامة | |
| حقل البيانات ثابتة الطول | 100725t xxu||||| |||| 00| 0 ara d |
| 082 ## - رقم تصنيف ديوى العشرى | |
| رقم الطبعة | 22 |
| رقم التصنيف | 258.2 |
| رقم المادة | م ل ت |
| 245 ## - بيان العنوان | |
| العنوان | ملتقى الامام ابن عرفة : |
| بقية العنوان | سجل لبحوث والمناقشات التي دارت عن محمد بن عرفة والمذهب المالكي ومصادره وعوامل انتشاره بافريقية والأندلس بمدنين من 19 إلي 22 فيفري 1976 |
| بيان المسئوليه,etc | محمد بن محمد بن عرفة الورغمي |
| 260 ## - PUBLICATION, DISTRIBUTION, ETC. (IMPRINT) | |
| مكان الناشر او الموزع | تونس : |
| اسم الناشر او الموزع | وزارة الشئون الثقافية ،1977 |
| تاريخ النشر أو التوزيع | 1977. |
| 300 ## - الوصف المادى | |
| التعداد | 545 ص ; |
| أبعاد الوعاء | 20 سم. |
| 490 ## - بيان السلسلة | |
| -- | 26479 |
| عنوان السلسلة | منشورات الحياة الثقافية |
| 504 ## - تبصرة ببليوجرافية | |
| تبصرة ببليوجرافية,الخ | يحتوي علي ارجاعات ببليوجرافية. |
| 600 ## - المدخل الاضافى بالموضوع-اسم شخصى | |
| 9 (RLIN) | 26480 |
| الإسم الشخصى | الورغمي ، |
| الشكل الأكمل للاسم | محمد بن محمد بن عرفه |
| 650 ## - المدخل الاضافى بالموضوع-مصطلح موضوعى | |
| 9 (RLIN) | 26481 |
| مصطلح موضوعي أو اسم جغرافي كعنصر مدخل | الفقه المالكي |
| 710 ## - المدخل الاضافى - اسم هيئه | |
| 9 (RLIN) | 16748 |
| اسم الهيئة أو اسم السلطة كمدخل | وزارة الشئون الثقافية |
| موقع المؤتمر | تونس |
| 711 ## - المدخل الاضافى -عنوان مؤتمر | |
| 9 (RLIN) | 16753 |
| اسم المؤتمر أو اسم السلطة كمدخل | ملتقى الامام ابن عرفة |
| موقع المؤتمر | تونس |
| تاريخ الاجتماع | 19 إلى 22 فيفري 1976. |
| 942 ## - عناصر المدخل الإضافي( كوها) | |
| مصدر التصنيف او مخطط الترفيف | Dewey Decimal Classification |
| Koha [default] item type | Book - Borrowing |
| حالة التراجع | حالة الفقد | مصدر التصنيف او خطة الترفيف | حالة تلف | ليس للاعارة | مجموعات كوها | المكان الدائم | المكان الحالي | موقع الترفيف | تاريخ الاكتساب | Source of acquisition | رقم الاستدعاء | الباركود | Date last seen | نوع الوعاء |
|---|---|---|---|---|---|---|---|---|---|---|---|---|---|---|
| Dewey Decimal Classification | Alef-Baa | Central Library | Central Library | Lower Floor | 25/07/2010 | 258.2 م ل ت | 000021486 | 15/07/2025 | Book - Borrowing |